Allocated subsidy means and risks of their using in the Slovak Republic

Saved in:
Bibliographic Details
Main Author: Šúbertová, Elena
Format: Book Chapter
Language:English
Subjects:
Tags: Add Tag
No Tags, Be the first to tag this record!

MARC

LEADER 00000naa$a2200000$$$4500
001 0226818
005 20240527074621.8
041 0 |a eng 
044 |a CZ 
245 1 0 |a Allocated subsidy means and risks of their using in the Slovak Republic  |c Elena Šúbertová 
610 2 0 |a Slovensko 
610 2 0 |a regióny 
610 2 0 |a dotácie 
610 2 0 |a rozvoj regionálny 
610 2 0 |a ekonomika regionálna 
610 2 0 |a politika regionálna 
610 2 0 |a rozmiestenie investícií 
100 1 |a Šúbertová, Elena